Statistics for Avengers: Infinity War Characters

Click here to take the quiz!

General Stats

  • This quiz has been taken 28 times
  • The average score is 20 of 29

Answer Stats

HintAnswer% Correct
Mark RuffaloHulk
96%
Robert Downey JrIron Man
96%
Chris HemsworthThor
96%
Chris EvansCaptain America
91%
Zoe SaldañaGamora
91%
Tom HollandSpider-Man
91%
Chris PrattStar-Lord
91%
Scarlett JohanssonBlack Widow
87%
Benedict CumberbatchDoctor Strange
87%
Vin DieselGroot
87%
Josh BrolinThanos
87%
Chadwick BosemanBlack Panther
83%
Dave BautistaDrax
83%
Bradley CooperRocket Raccoon
83%
Pom KlementieffMantis
78%
Gwyneth PaltrowPepper Potts
70%
Elizabeth OlsenWanda Maximoff
70%
Don CheadleWar Machine
70%
Benedict WongWong
70%
Karen GillanNebula
65%
Letitia WrightShuri
52%
Danai GuriraOkoye
48%
Tom Vaughan-LawlorEbony Maw
43%
Carrie CoonProxima Midnight
39%
Michael ShawCorvus Glaive
35%
Jesse BurchCull Obsidian
35%
Taika WatitiKorg
35%
Ross MarquandRed Skull
35%
Jacob BatalonNed Leeds
17%

Score Distribution

Percentile by Number Answered

Percent of People with Each Score

Your Score History

You have not taken this quiz